| 000 | 00389nam a2200169Ia 4500 | ||
|---|---|---|---|
| 008 | 180424s9999 xx 000 0 und d | ||
| 084 | _a301.444 3 W1 | ||
| 100 | _a"Wolf, Eric R" | ||
| 245 | 0 | _aPeasants | |
| 250 | _a\\196600ENGGPSX | ||
| 260 | _aPrentice Hall | ||
| 260 | _b1966 | ||
| 260 | _cLondon | ||
| 300 | _axi+116p | ||
| 500 | _aincludes index and biblioraphy | ||
| 942 | _cBK | ||
| 999 |
_c33869 _d33869 |
||